000 00263nmm a2200085Ia 4500
008 220120s9999||||xx |||||||||||||||||und||
100 _aOpen source for you
245 0 _aSabayan Linux, pure os9.0, sparky Linux 5.10
260 _aCoorg Institute of Technology
_cFeb=2020
999 _c140115
_d140115